[Event "Lisbon Check Mate op 1st"]
[Site "Lisbon"]
[Date "2013.08.15"]
[Round "7.25"]
[White "Silva, Tiago Alexandre Pin"]
[Black "Santos, Pedro Rodrigo Carva"]
[Result "1-0"]
[WhiteElo "1372"]
[BlackElo "1682"]
[PlyCount "67"]
[EventDate "2013.08.10"]
[EventType "swiss"]
[EventRounds "7"]
[EventCountry "POR"]
[SourceTitle "EXT 2015"]
[Source "ChessBase"]
[SourceDate "2014.11.20"]
[SourceVersion "1"]
[SourceVersionDate "2014.11.20"]
[SourceQuality "1"]

1. c4 e5 2. g3 Nc6 3. Bg2 f5 4. e3 Nf6 5. Nc3 d6 6. Nge2 Be6 7. b3 Be7 8. 0-0 0-0 9. d4 exd4 10. exd4 Bf7 11. Bb2 d5 12. cxd5 Nxd5 13. Qc2 Nxc3 14. Qxc3 Bd5 15. Rac1 Bxg2 16. Kxg2 Bf6 17. Qc4+ Kh8 18. Rfd1 Qe7 19. Bc3 Bg5 20. f4 Qe4+ 21. Kf2 Bf6 22. d5 Qxc4 23. bxc4 Bxc3 24. Nxc3 Ne7 25. c5 Rad8 26. Rb1 b6 27. cxb6 axb6 28. Rb5 Rf6 29. a4 Rfd6 30. a5 bxa5 31. Rxa5 g6 32. Ra7 Nxd5 33. Nxd5 c6 34. Nf6 1-0

[Event "Lisbon Check Mate op 1st"]
[Site "Lisbon"]
[Date "2013.08.13"]
[Round "5.20"]
[White "Belo, Miguel Angelo Petin"]
[Black "Santos, Pedro Rodrigo Carva"]
[Result "1-0"]
[WhiteElo "1850"]
[BlackElo "1682"]
[PlyCount "67"]
[EventDate "2013.08.10"]
[EventType "swiss"]
[EventRounds "7"]
[EventCountry "POR"]
[SourceTitle "EXT 2015"]
[Source "ChessBase"]
[SourceDate "2014.11.20"]
[SourceVersion "1"]
[SourceVersionDate "2014.11.20"]
[SourceQuality "1"]

1. b3 e5 2. Bb2 Nc6 3. e3 d5 4. Bb5 Bd6 5. Nf3 f6 6. Nh4 Be6 7. 0-0 Qd7 8. Na3 0-0-0 9. c4 Bxa3 10. Bxc6 Qxc6 11. cxd5 Qxd5 12. Bxa3 Qxd2 13. Qh5 Nh6 14. h3 Qd7 15. Rfd1 Qf7 16. Qe2 g5 17. Nf3 g4 18. hxg4 Bxg4 19. e4 Qg7 20. Qe3 Kb8 21. Kf1 Rhg8 22. Rxd8+ Rxd8 23. Rc1 f5 24. exf5 Nxf5 25. Qxe5 Qd7 26. Qe4 Qb5+ 27. Rc4 Bxf3 28. Qxf3 Nd6 29. Qf6 Qe8 30. Rh4 Nb5 31. Be7 Rd7 32. Rxh7 Rd1+ 33. Ke2 Rd6 34. Rh8 1-0

[Event "POR-ch U16"]
[Site "Braga"]
[Date "2013.08.04"]
[Round "3.1"]
[White "Martins, David Pires Tavares"]
[Black "Santos, Pedro Rodrigo Carva"]
[Result "1-0"]
[WhiteElo "2179"]
[BlackElo "1682"]
[PlyCount "71"]
[EventDate "2013.08.02"]
[EventType "swiss"]
[EventRounds "7"]
[EventCountry "POR"]
[SourceTitle "EXT 2015"]
[Source "ChessBase"]
[SourceDate "2014.11.20"]
[SourceVersion "1"]
[SourceVersionDate "2014.11.20"]
[SourceQuality "1"]

1. e4 e5 2. Nf3 Nc6 3. Bb5 a6 4. Ba4 Nf6 5. d3 b5 6. Bb3 Be7 7. 0-0 d6 8. c3 0-0 9. Re1 Na5 10. Bc2 c5 11. Nbd2 Bg4 12. h3 Bxf3 13. Nxf3 h6 14. Nh4 Nxe4 15. Nf5 Nf6 16. Qf3 Qd7 17. Bxh6 g6 18. Bxf8 Rxf8 19. Nxe7+ Qxe7 20. d4 cxd4 21. cxd4 Nc4 22. a4 Rc8 23. axb5 axb5 24. Ra8 Rxa8 25. Qxa8+ Kg7 26. b3 Nb6 27. Qc6 Nbd5 28. Qxb5 Qc7 29. dxe5 dxe5 30. Qc4 Qa7 31. b4 Qa8 32. Be4 Nxe4 33. Qxe4 Qa2 34. Rd1 Nf6 35. Qxe5 Qa4 36. Rd6 1-0